Bertolt Brecht / Marianne Kesting; traducció de Núria Roig
Publicado:
Barcelona :
Edicions 62, Caixa de Catalunya; amb la col·laboració de la Fundació Pere Vergés ,
1990
Descripción Física:
141 p. : il. ; 21 cm
Colección:
Col·lecció Pere Vergés de biografies ; 8
Materias:
Brecht, Bertolt, -- 1898-1956
MARC
| LEADER | 00000nam a2200000Ia 4500 | ||
|---|---|---|---|
| 001 | 12483 | ||
| 008 | 160829s1990 xx 000 0 cat d | ||
| 080 | |a B-1-209 | ||
| 100 | |a Kesting, Marianne |9 33453 | ||
| 245 | |a Bertolt Brecht / Marianne Kesting; traducció de Núria Roig | ||
| 260 | |a Barcelona : |b Edicions 62, Caixa de Catalunya; amb la col·laboració de la Fundació Pere Vergés, |c 1990 | ||
| 300 | |a 141 p. : |b il. ; |c 21 cm | ||
| 490 | |a Col·lecció Pere Vergés de biografies ; 8 | ||
| 600 | 1 | 0 | |a Brecht, Bertolt, |d 1898-1956 |9 35620 |
| 700 | |a Roig, Núria, tr. |9 20027 | ||
| 700 | |a Fundació Pere Vergés |9 21045 | ||
| 710 | 2 | |a Caixa de Catalunya |9 53090 | |
| 901 | |a Arxiu | ||
| 942 | |n 1 | ||
| 952 | |0 0 |1 0 |4 0 |6 B1209 |7 1 |9 46300 |a Arxiu |b Arxiu |d 2016-12-01 |l 0 |o B-1-209 |p 12483 |r 2016-12-01 00:00:00 |w 2016-12-01 |y ARXIU | ||
| 999 | |c 49807 |d 49807 | ||